Europa y la expansión del mundo: 1415-1715

Saved in:
Bibliografiske detaljer
Hovedforfatter: Parry, John H. (autor)
Andre forfattere: Fernández, María Teresa (traducción)
Format: Bog
Sprog:spansk
Udgivet: Ciudad de México Fondo de Cultura Económica 1975
Udgivelse:2a. ed
Serier:Breviarios del Fondo de Cultura Económica, 60
Fag:
Tags: Tilføj Tag
Ingen Tags, Vær først til at tagge denne postø!

MARC

LEADER 00000cam a2200000 a 4500
001 UCP5335
003 CL-VaPUC
005 20230317111121.0
008 990903e19750000MX |||||||||||||||||spa|d
999 |c 283102  |d 283100 
020 |a 9681607163 
040 |c Pontificia Universidad Católica de Valparaíso 
082 0 4 |a 940.2  |b PAR  |2 21 
100 |a Parry, John H.  |e autor  |9 433934 
245 1 0 |a Europa y la expansión del mundo: 1415-1715 
250 |a 2a. ed 
260 |a Ciudad de México  |b Fondo de Cultura Económica  |c 1975 
300 |a 277 p 
490 0 |a Breviarios del Fondo de Cultura Económica, 60 
583 |a last modification  |c 20160810 05:46:17  |k Rodrigo Vera 
650 7 |a HISTORIA DE EUROPA SIGLOS 15-18  |2 CL-VaPUC  |9 433672 
650 0 |a Conquista española  |9 267777 
650 0 |a Comercio  |9 255341 
650 0 |a Trata de esclavos  |9 433673 
650 7 |a COLONIAS INGLESAS  |2 CL-VaPUC  |9 433674 
651 0 |a Europa  |9 255156 
651 0 |a América  |9 255182 
700 |a Fernández, María Teresa  |e traducción  |9 880772 
942 |c BK  |2 ddc 
945 |d 19990903 00:00:00  |a lriquelm 
952 |0 0  |1 0  |4 0  |6 940_200000000000000_PAR_1975  |7 0  |8 A  |9 325883  |a BIBHIS  |b BIBHIS  |d 2019-11-20  |i 1368737  |o 940.2 PAR 1975  |p 1368737  |r 2025-01-20  |w 2019-11-20  |y BK  |k HIS 
952 |0 0  |1 0  |4 0  |6 940_200000000000000_PAR_1975  |7 0  |8 A  |9 325884  |a BIBHIS  |b BIBHIS  |d 2019-11-20  |i 1368745  |o 940.2 PAR 1975  |p 1368745  |r 2025-01-20  |w 2019-11-20  |y BK  |k HIS 
952 |0 0  |1 0  |4 0  |6 940_200000000000000_PAR_1975  |7 0  |8 A  |9 325885  |a BIBHIS  |b BIBHIS  |d 2019-11-20  |i 1368753  |o 940.2 PAR 1975  |p 1368753  |r 2025-01-20  |w 2019-11-20  |y BK  |k HIS 
952 |0 0  |1 0  |4 0  |6 940_200000000000000_PAR_1975  |7 0  |8 A  |9 325886  |a BIBHIS  |b BIBHIS  |d 2019-11-20  |i 1368761  |o 940.2 PAR 1975  |p 1368761  |r 2025-01-20  |w 2019-11-20  |y BK  |k HIS 
952 |0 0  |1 0  |4 0  |6 940_200000000000000_PAR_1975  |7 0  |8 P  |9 325887  |a BIBARQ  |b BIBARQ  |d 2019-11-20  |i 3222748  |o 940.2 PAR 1975  |p 3222748  |r 2025-01-20  |w 2019-11-20  |y BK  |k ARQ 
952 |0 0  |1 0  |3 erb  |4 0  |6 940_200000000000000_PAR_1975  |7 0  |8 A  |9 325888  |a FDOHBE  |b FDOHBE  |e Huesbe Llanos, Marco Antonio, 1934-  |i 5309840  |o 940.2 PAR 1975  |p 5309840  |r 2024-01-30  |w 2019-11-20  |y BK  |z Catalogado en:20160616  |k HBE